Logo BPK

Biblioteka

Politechniki Koszalińskiej

Teoretyczne i praktyczne aspekty badań ekologicznych : (Rekord nr 31823)

Szczegóły MARC
000 -ETYKIETA REKORDU
podpole kontrolne o stałej długości 01321nam a2200301 i 4500
001 - NUMER KONTROLNY REKORDU
pole kontrolne bg
020 ## - MIĘDZYNARODOWY ZNORMALIZOWANY NUMER KSIĄŻKI - ISBN
ISBN 8387133094
040 ## - ŹRÓDŁO KATALOGOWANIA
Instytucja, która utworzyła rekord BPK
041 0# - KOD JĘZYKA
Kod języka tekstu plen
Kod języka streszczenia lub abstraktu en
080 ## - UNIWERSALNA KLASYFIKACJA DZIESIĘTNA - UKD
UKD 574.5(28):504
920 ## - Międzynarodowy znormalizowany numer książki – ISBN
ISBN 83-87133-09-4
008 - POLE O STAŁEJ DŁUGOŚCI - DANE KONTROLNE
podpole kontrolne o stałej długości s pl f |000 0 pol
245 00 - TYTUŁ/ODPOWIEDZIALNOŚĆ
Tytuł Teoretyczne i praktyczne aspekty badań ekologicznych :
Ciąg dalszy tytułu wykłady Międzynarodowej Ekologicznej Szkoły Letniej Uniwersytetu im. /
Pozostałe elementy strefy tytułu i oznaczenia odpowiedzialności red. Lubomira Burchardt ; Uniwersytet im. Adama Mickiewicza w Poznaniu
Oznaczenie części/sekcji dzieła A. Mickiewicza, Poznań - Polska i Old Dominion University, Norfolk-Wirginia, USA.
246 1# - WARIANT TYTUŁU
Tytuł Theoretical and the practical aspects in the ecological investigations
260 ## - STREFA ADRESU WYDAWNICZEGO
Miejsce wydania Poznań :
Nazwa wydawcy/dystrybutora "Sorus",
Data publikacji, dystrybucji/powstania dokumentu 1997.
300 ## - STREFA OPISU FIZYCZNEGO
Objętość 221 s. :
Inne cechy fizyczne rys., wykr. ;
Rozmiary 24 cm.
490 1# - STREFA SERII I DOKUMENTU WIELOCZĘŚCIOWEGO - FORMA NIE DO WYSZUKIWANIA
Tytuł i oznaczenie odpowiedzialności serii Idee Ekologiczne. Seria Szkice,
Numeracja w obrębie serii nr 6
500 ## - UWAGI OGÓLNE
Tekst uwagi Tyt. równol. : The theoretical and the practical aspects in the ecological investigations. - Tekst równol. pol., ang.
500 ## - UWAGI OGÓLNE
Tekst uwagi Ser. gł. : 1230-3048 ; t. 10.
504 ## - UWAGA DOTYCZĄCA BIBLIOGRAFII
Informacje o bibliografii Bibliogr. przy ref.
650 #9 - HASŁO PRZEDMIOTOWE W FORMIE NAZWY OGÓLNEJ LUB JEDNOSTKOWEJ
Nazwa ogólna lub geograficzna Ekologia
Określnik ogólny zagadnienia
650 #9 - HASŁO PRZEDMIOTOWE W FORMIE NAZWY OGÓLNEJ LUB JEDNOSTKOWEJ
Nazwa ogólna lub geograficzna Hydrobiologia
650 #9 - HASŁO PRZEDMIOTOWE W FORMIE NAZWY OGÓLNEJ LUB JEDNOSTKOWEJ
Nazwa ogólna lub geograficzna Środowisko człowieka
Określnik ogólny higiena i ochrona
-- zagadnienia
650 #9 - HASŁO PRZEDMIOTOWE W FORMIE NAZWY OGÓLNEJ LUB JEDNOSTKOWEJ
Nazwa ogólna lub geograficzna Wody śródlądowe
Określnik ogólny ekologia
700 1# - HASŁO DODATKOWE - NAZWA OSOBOWA
Nazwa osobowa Burchardt, Lubomira
Daty związane z nazwą (1944- ).
Określenie związku między hasłem a opisywanym materiałem Red.
830 #0 - HASŁO DODATKOWE SERII LUB DOKUMENTU WIELOCZĘŚCIOWEGO - TYTUŁ UJEDNOLICONY
Tytuł ujednolicony Idee Ekologiczne.
Nazwa części/sekcji dzieła Seria Szkice ;
Oznaczenie tomu nr 6
856 ## - LOKALIZACJA I DOSTĘP DO ELEKTRONICZNYCH DOKUMENTÓW ZDALNYCH
Link (URL) http://koha.tu.koszalin.pl/cgi-bin/koha/opac-detail.pl?biblionumber=31823
Tekst linku Katalog online BPK
942 ## - DODATKOWE ELEMENTY (KOHA)
Typ dokumentu Książka
Egzemplarze
Wycofany Status egzemplarza Uszkodzony Dostępność Lokalizacja stała Lokalizacja bieżąca Miejsce przechowywania Sygnatura Kod kreskowy Dział Typ dokumentu Ostatnio wypożyczono
      Tylko na miejscu Biblioteka Politechniki Koszalińskiej Biblioteka Politechniki Koszalińskiej Czytelnia BG 39383 01234985 574 Ekologia Książka  
      Dostępny Biblioteka Politechniki Koszalińskiej Biblioteka Politechniki Koszalińskiej Wypożyczalnia BG 39384 01234978   Książka 12.11.2014
      Dostępny Biblioteka Politechniki Koszalińskiej Biblioteka Politechniki Koszalińskiej Wypożyczalnia BG 39385 01234961   Książka  
© 2023 Biblioteka Politechniki Koszalińskiej :: KOHA